000 01108nam2a22002531 4500
001 RU\NLR\INFOCOMM31\1000031749
005 20040317055708.0
035 _a(NLR Aleph) 002435050
090 _a2029755
_c2029755
100 _a20040317d1986 |||y0rusy50 ca
101 0 _arus
102 _aRU
105 _ay |||||||||
200 1 _aУголовное право Китайской Народной Республики
_fЭ.З. Имамов
210 _d1986
461 0 _1001RU\NLR\INFOCOMM31\1000031594
_12001#$aИнформационный бюллетень$fАкад. наук СССР. Ин-т Дальнего Востока$vСпец. вып.[17]
_92028451
_aИнститут Дальнего Востока (Москва)
_cМ.
_d1959-1987
_fАкад. наук СССР. Ин-т Дальнего Востока
_nНаука
_tИнформационный бюллетень
_vСпец. вып.[17]
700 1 _aИмамов
_bЭ. З.
_4070
801 0 _aRU
_bNLR
_gPSBO
801 1 _aRU
_bInfoComm
_c20040317
852 _aNLR
_jП22/2547
942 _cISSUE
980 _aNB
980 _aRUSPER